000 00586 a2200181 4500
999 _c3021
_d3021
020 _a9780340816066
050 _aKF4501 RYA 2007
100 _a Ryan, Mark
_eauthor
245 _aUnlocking constitutional and administrative law /
_cMark Ryan and Steve Foster
264 _aLondon :
_bWild country,
_c2007
300 _axliv
500 _aIncludes bibliographical references and index
650 _aAdministrative law
700 _aFoster, Steve
_econtributor
700 _aMartin, Jacqueline
_eseries editor
700 _aTurner,Chris
_eseries editor
942 _2lcc
_cBK
_h4501
_iRYA
_kKF